Hungarian prose and verse ; a selection with an introductory essay.

Bibliographic Details
Main Author: Cushing, G. F. (George Frederick)
Format: Book
Language:Hungarian
English
Published: [London] : University of London, Athlone Press, [1956]
Series:London East European series: language and literature. Group 3. Readings in literature
Subjects:

MARC

Tag First Indicator Second Indicator Subfields
LEADER 00000cam a2200000 4500
001 in00000508323
005 20151013061839.0
008 761007s1956 enk 00100 hun c
010 |a a 57002849  
020 |a 0485175010 
035 |a (OCoLC)02486297 
035 |9 ACD1391AM 
040 |a Indiana. Univ. Library  |c TXA  |d UtOrBLW 
041 0 |a hun  |a eng 
049 |a TXAM  |c [1163356] 
050 0 0 |a PH3136  |b .C8 
100 1 |a Cushing, G. F.  |q (George Frederick) 
245 1 0 |a Hungarian prose and verse ;  |b a selection with an introductory essay. 
264 1 |a [London] :  |b University of London, Athlone Press,  |c [1956] 
300 |a xxxv, 197 pages ;  |c 19 cm. 
336 |a text  |b txt  |2 rdacontent 
337 |a unmediated  |b n  |2 rdamedia 
338 |a volume  |b nc  |2 rdacarrier 
490 0 |a London East European series: language and literature. Group 3. Readings in literature 
650 0 |a Hungarian literature. 
999 |a MARS 
999 f f |s c0c5f14a-6264-3311-b0a4-458a078cb3ce  |i ef18cf9e-c713-3ba4-8716-d843e8b1dcd2  |t 0 
952 f f |p ric  |a Texas A&M University  |b Rellis Campus  |c Joint Library Facility  |s JLF  |d Remote Storage  |t 0  |e PH3136 .C8  |h Library of Congress classification  |i unmediated -- volume  |m A14803634847 
998 f f |a PH3136 .C8  |t 0  |l Remote Storage